Shiloh / (Record no. 7333)
[ view plain ]
| 000 -LEADER | |
|---|---|
| fixed length control field | 00894nam a22002537a 4500 |
| 001 - CONTROL NUMBER | |
| control field | 7333 |
| 003 - CONTROL NUMBER IDENTIFIER | |
| control field | FISKH |
| 005 - DATE AND TIME OF LATEST TRANSACTION | |
| control field | 20250709151431.0 |
| 008 - FIXED-LENGTH DATA ELEMENTS--GENERAL INFORMATION | |
| fixed length control field | 250709b cb ||||| |||| 00| 0 eng d |
| 020 ## - INTERNATIONAL STANDARD BOOK NUMBER | |
| International Standard Book Number | 9780439597524 |
| 040 ## - CATALOGING SOURCE | |
| Original cataloging agency | FISKH |
| Language of cataloging | eng |
| Transcribing agency | FISKH |
| Modifying agency | FISKH |
| 050 ## - LIBRARY OF CONGRESS CALL NUMBER | |
| Classification number | PZ7.N24 S |
| 082 ## - DEWEY DECIMAL CLASSIFICATION NUMBER | |
| Classification number | 813 |
| 100 ## - MAIN ENTRY--PERSONAL NAME | |
| Personal name | Naylor, Reynolds Phyllis |
| Dates associated with a name | (1933-) |
| 245 ## - TITLE STATEMENT | |
| Title | Shiloh / |
| Statement of responsibility, etc. | By Phyllis Reynolds Naylor |
| 250 ## - EDITION STATEMENT | |
| Edition statement | This edition first published in 2003 |
| 260 ## - PUBLICATION, DISTRIBUTION, ETC. | |
| Place of publication, distribution, etc. | New York : |
| Name of publisher, distributor, etc. | Scholastic, |
| Date of publication, distribution, etc. | 2000 |
| 300 ## - PHYSICAL DESCRIPTION | |
| Extent | 137 pages : |
| Dimensions | 20 cm |
| 520 ## - SUMMARY, ETC. | |
| Summary, etc. | When he finds a lost beagle in the hills behind his West Virginia home, Marty tries to hide it from his family and the dog's real owner, a mean-spirited man known to shoot deer out of season and to mistreat his dogs.<br/> |
| 650 ## - SUBJECT ADDED ENTRY--TOPICAL TERM | |
| Source of heading or term | Friendship |
| Topical term or geographic name entry element | Fiction |
| 650 ## - SUBJECT ADDED ENTRY--TOPICAL TERM | |
| Source of heading or term | Realistic fiction |
| Topical term or geographic name entry element | West Virginia |
| 942 ## - ADDED ENTRY ELEMENTS (KOHA) | |
| Source of classification or shelving scheme | Dewey Decimal Classification |
| Koha item type | Books |
| Suppress in OPAC | No |
| Withdrawn status | Lost status | Source of classification or shelving scheme | Damaged status | Not for loan | Collection | Home library | Current library | Shelving location | Date acquired | Total Checkouts | Full call number | Barcode | Date last seen | Copy number | Price effective from | Koha item type |
|---|---|---|---|---|---|---|---|---|---|---|---|---|---|---|---|---|
| Dewey Decimal Classification | Fiction | Footprints International School Library Network Toul Tom Poung Campus | Footprints International School Library Network Toul Tom Poung Campus | TTP Secondary Fiction Bookshelves | 07/09/2025 | NAY 813 PZ7.N24 S | 2025-1795 | 07/09/2025 | 1 | 07/09/2025 | Books |
